000
00303nam a22001337a 4500
008
180316b xxu||||| |||| 00| 0 eng d
020
_a
9780632043798
041
_a
eng
080
_a
573
100
_a
11
101
_a
BIO
245
_a
Introduction to Molecular Biology
_c
Raineri, D
942
_2
udc
_c
BK
999
_c
45248
_d
45248